LEADER 01040nam a2200241 i 4500 001 000000172703 003 CaOOAMICUS 005 20081107000000.0 008 081107s1971 it u000 u ita u 013 $a150146 040 $aSeMil$bita 245 10$aGuida alla catechesi nel mondo /$cSacra Congregazione per il Clero ; [a cura di Nicolò Suffi]. 260 $aRoma :$b[s.n.],$c1971$e(Roma :$fEsse-Gi-Esse,$g1971) 300 $a238 p. ;$c22 cm. 500 $aGuida alla esposizione in occasione del congresso catechistico internazionale, Roma 1971. - Fondo card. Giovanni Colombo. 650 4$aCatechismo - Insegnamento.$0(OLS)http://semarc/subject/450 700 1 $aSuffi, Nicolò.$0(OLS)http://semarc/name/38087 850 $aSeMil 852 $aSeMil$W1$xVenegono$y1$m2C III 529$j123557$B123557$CSeMilBibl$Z2$F136939 $81 941 1 $a3 961 $aLascito: Colombo Card. Giovanni 996 $6245$aGuida alla catechesi nel mondo$9(OLS)http://semarc/title/247371 996 $6260$aRoma :$b[s.n.]$9(OLS)http://semarc/publisher/29738 LEADER 00930nam a2200217 i 4500 001 000000123065 003 CaOOAMICUS 005 20040216000000.0 008 040216n it u000 u ita u 013 $a95760 040 $aSeMil$bita 245 10$aPrima parte. 300 $a[8] p., 16. p. di tav. :$briccamente ill. ;$c36 cm. 490 0 $aI maestri del colore : la più grande collana d'arte del mondo ;$v243 700 1 $aCastelnuovo, Enrico <1929- >.$0(OLS)http://semarc/name/5345 773 0 $tGotico internazionale in Francia e nei Paesi Bassi.$dMilano : Fabbri, copyr. 1966.$w()11029 830 2$aI maestri del colore : la più grande collana d'arte del mondo ;$v243.$0(OLS)http://semarc/title/2091 850 $aSeMil 852 $aSeMil$W1$xVenegono$y1$m5H XII 9/243$j77865$B77865$CSeMilBibl$Z2$F80047 $81 961 $aOmaggio: Martini Card. Carlo Maria 996 $6245$aPrima parte$9(OLS)http://semarc/title/67350